00816nam a2200217 a 450000100100000000500170001000800410002702000150006804000250008308200130010810000320012124500790015326000410023230000300027349000260030350000760032950400320040583000330043795201110047099900170058100004269620201002040331.0140205s2002 sp a 001 0 spa d a8489644721 aDO-SdBNPbspacBNPHU axxxbxxx1 aComa, Javier,d1939-97000513aLa Brigada Hollywood :bguerra española y cine americano /cJavier Coma. aBarcelona :bFlor del Viento,c2002. a237 p., :bil., ;c23 cm.1 aDel viento terralv30 aIncluye datos biográficos del autor en la solapa de la contracubierta aBibliografía : p. 221-225 0aDel viento terraln30970006 001050718MOaGRbGRcCTd2014-02-05iLF1l0oxxx xxxp42696-10r2020-06-25w2020-06-25y1ZNo se presta c42185d42185